[Event "UKR-ch 73rd"]
[Site "Kharkov"]
[Date "2004.08.26"]
[Round "2.1"]
[White "Areshchenko, Alexander"]
[Black "Shishkin, Vadim"]
[Result "1-0"]
[WhiteElo "2575"]
[BlackElo "2463"]
[Annotator "Gofshtein,L"]
[PlyCount "79"]
[EventDate "2004.08.03"]
[EventType "k.o."]
[EventRounds "5"]
[EventCountry "UKR"]
[SourceTitle "CBM 103"]
[Source "ChessBase"]
[SourceDate "2004.11.11"]
[SourceVersion "1"]
[SourceVersionDate "2004.11.11"]
[SourceQuality "1"]

1. e4 c5 2. Nf3 Nc6 3. d4 cxd4 4. Nxd4 Nf6 5. Nc3 d6 6. Bc4 Qb6 7. Nxc6 bxc6 8.
O-O g6 9. Qe1 {A popular move recently, other lines are 9.Qe2, 9.Bb3, 9.b3, 9.
e5 and 9.Be3} Ng4 ({Areshchenko already has experience with this line, his
game against Shishkov continued} 9... Qc5 10. b3 Bg7 11. Na4 (11. Bb2 O-O 12.
Na4 Qh5 13. f4 d5 14. Bxf6 exf6 15. exd5 cxd5 16. Bd3 f5 17. Rd1 Bb7 18. Qf2
Bc6 {1/2-1/2 Karjakin,S-Miroshnichenko,E/Simferopol UKR 2003/The Week in Chess
476 (18)}) 11... Qh5 12. f3 Nd7 13. Bb2 Bxb2 14. Nxb2 O-O 15. Kh1 a5 16. f4 Nc5
17. Qe3 {1/2-1/2 Areshchenko,A-Andreev,E/Kramatorsk 2003/CBM 97 (62) and ended
in a draw although it seems that white had an advantage in the process}) (9...
Qc7 10. f4 d5 11. e5 Nd7 12. Bd3 Nc5 13. Be3 e6 14. Qf2 Nxd3 15. cxd3 Ba6 16.
Rfd1 {1-0 Golubev,M-Iordachescu,V/playchess.com INT 2004 (16)}) 10. h3 (10. Na4
$146 {doesn't give any advantage in view of the strong reply} Qd4 $1 11. Bb3
Ba6 12. Qd1 Qxd1 13. Rxd1 Bg7 $11 {Karjakin,S-Alekseev,E/Kallithea 86/(192)
2002/Inf 86/[Golubev,M] (13)}) 10... Ne5 {I'd call this knight manoeuvre
dubious in view of white's strong play} 11. Na4 $1 (11. Bb3 $6 Ba6) 11... Qc7 (
{Now} 11... Qd4 12. Bb3 Ba6 {won't do because of} 13. Bd2 $1 {very strong, the
threat is Bc3 catching the queen} Nd3 (13... Bxf1 14. Bc3) 14. cxd3 Qxd3 15.
Rc1 Qxf1+ 16. Qxf1 Bxf1 17. Kxf1 {1-0 Rogovski,V-Sharapov,E/Simferopol UKR
2003/The Week in Chess 476 (25) with a clear and probably decisive advantage})
12. Qc3 $1 {refuting black's plan, white's advantage becomes undoubtfull} Rg8 {
forced} (12... g5 13. f4 gxf4 14. Bxf4 {looks very strong for white}) 13. Be2
$6 (13. Bb3 {the bishop should stay on this diagonal} Bg7 14. f4 Nd7 15. Qg3 {
looks stronger}) 13... Bg7 14. f4 Nd7 15. Qe1 {Looks as white has gotten out
with some advantage out of the opening, it's not clear what black would do
with his king} Bf6 {Covering the h4 square, although it is clear that white
would try to go for e4-e5 break when the bishop on f6 can become volnurable} (
15... Bb7 16. Qh4 h6 {was possible}) 16. Bc4 {white realizes his mistake and
brings the bishop back to the a2-f7 diagonal but it allows black to exchange a
few pieces} (16. Kh1 {was interesting} Nb6 (16... g5 17. Bc4 gxf4 18. Bxf4 {
with attack}) 17. Nxb6 Qxb6 (17... axb6 18. Bc4) 18. e5 $1 {is strong now})
16... Nb6 17. Nxb6 Qxb6+ 18. Kh1 Ba6 19. Bxa6 (19. e5 {is not as strong as it
looks at first sight} Bxc4 20. exf6 e6 21. Rf3 Bd5 22. Rd3 Qc5 {and black
seems to be perfectly fine}) 19... Qxa6 20. e5 {a pawn sac which is extremely
dangerous to accept, but probably black should have stand up to the challenge
as his position after 20...Bh4 is clearly inferior} Bh4 $2 (20... dxe5 $5 21.
fxe5 Bxe5 {looks exceptionally dangerous to accept such a sacrifice but it's
not easy to prove any forced win for white although he has a full compensation
for the pawn} 22. Bg5 Qb5 (22... f6 $2 23. Bxf6 exf6 24. Rxf6) (22... Bd6 23.
Rd1 Qb5 24. Rxd6 Qxg5 25. Qe4 {with a very strong position for white}) 23. c4 {
more ambitious than 23.Qe4} (23. Qe4 f5 24. Qe3 {with enough compensation for
the pawn}) 23... Qxb2 24. Qe4 f6 25. Rae1 Qd4 26. Qxc6+ Kf7 27. Qb7 $1 {
the threat is to take on e5 or f6} Rge8 $1 {the correct defence} (27... Rgb8
28. Bxf6 $1) (27... Rae8 28. Rxe5 Qxe5 29. Bxf6 Qxf6 30. Rxf6+ Kxf6 31. Qxa7 {
with advantage}) 28. Rxe5 Qxe5 29. Bxf6 Qxf6 (29... Qe6 $2 {loses to} 30. Ba1+
$3 {an unexpected shot} Kg8 31. Qb2 {winning}) 30. Rxf6+ Kxf6 {and the
position seems closer to a draw than to white's win}) 21. Qd1 O-O-O 22. Be3 {
threatening Qg4} f5 23. Qd4 dxe5 {black hurries to bring his bishop back to
the game which looks as a correct decision} (23... Kb7 24. Rfd1 dxe5 25. Qxe5
Bf6 26. Qe6 {white is clearly better}) 24. Qxe5 Rd6 (24... Bf6 25. Qe6+ Kb8 26.
Rab1 {is similar to the game}) 25. Bc5 Bf6 26. Qe3 Rd7 27. Qe6 Rgd8 28. Rab1 $1
{planning to advance his queenside pawns, exchanging one pair of rooks
favoured black} (28. Rfd1 Kc7 29. Rxd7+ Rxd7 {makes it much easier on black})
28... Kb8 29. b4 Qc8 30. a4 Rd2 31. Qc4 {obviously only an insane person would
exchange queens in this position} Ka8 32. Be3 (32. b5 $2 {too premature} cxb5
33. Rxb5 (33. axb5 $4 {runs into} R8d4 $1 34. Qc3 Rd5 {and black wins the
bishop}) 33... Qc6 {with counterplay}) 32... R2d5 33. Rfe1 e5 {black is
looking for some counterplay} 34. fxe5 Bxe5 35. Bg5 $1 {now after the black
rook leaves the d8 square white would play b4-b5 when one of black's pieces 
(Qc8 or Rd5) remains undefended} R8d6 (35... Re8 36. b5 Rd4 37. Qb3 c5 38. b6 {
is very strong}) 36. b5 Qd7 37. b6 Rd1 $2 {loses immideatly} (37... Re6 {
planning to exchange rooks with Bg3 was a possible way to continue the game,
although white's advantage is not in doubt} 38. bxa7 Bg3 39. Rf1 (39. Qb3 Rxe1+
40. Rxe1 Bc7 {is unclear}) 39... Kxa7 40. Qb3 Qc7 41. Bd8 Qb8 42. Bb6+ Ka8 {
and black still battles on}) 38. Qg8+ Kb7 39. bxa7+ Kxa7 40. Qb8+ 1-0

[Event "Ciocaltea Memorial"]
[Site "Bucharest"]
[Date "1998.??.??"]
[Round "5"]
[White "Istratescu, Andrei"]
[Black "Kiselev, Sergey"]
[Result "1/2-1/2"]
[WhiteElo "2575"]
[BlackElo "2510"]
[Annotator "Gofshtein,L"]
[PlyCount "51"]
[EventDate "1998.02.??"]
[EventType "tourn"]
[EventRounds "13"]
[EventCountry "ROU"]
[EventCategory "11"]
[SourceTitle "CBM 064"]
[Source "ChessBase"]
[SourceDate "1998.06.02"]
[SourceVersion "1"]
[SourceVersionDate "1998.06.02"]
[SourceQuality "1"]

1. e4 c5 2. Nf3 Nc6 3. d4 cxd4 4. Nxd4 Nf6 5. Nc3 d6 6. Bc4 Qb6 7. Nb3 e6 8.
Bf4 Ne5 9. Be2 (9. Bb5+ Bd7 10. Bxd7+ Nfxd7 11. Qe2 a6 12. O-O Qc7 13. Rae1 Be7
14. Bc1 g5 {Milos-Yermolinsky Hroningen 1997}) 9... Bd7 (9... a6 $143 10. Be3
Qc7 11. f4 Nc4 12. Bxc4 Qxc4 13. Qf3 Be7 (13... e5 14. Rf1 $5 Be7 $2 (14...
exf4 15. Qxf4 Be6 16. Bd4 $16) (14... Be6 $5) 15. fxe5 dxe5 16. Nd5 $18) 14.
O-O-O O-O 15. g4 a5 $6 16. g5 Nd7 17. a4 $1 b6 (17... f5 18. exf5 Rxf5 19. Nd4
Rf7 20. Ndb5 d5 21. Qg3 $16) 18. Rhg1 Bb7 19. Qh5 Rfe8 20. f5 $40) 10. Be3 (10.
O-O Be7 11. Be3 Qc7 12. Nd2 O-O 13. f4 Ng6 14. Kh1 Bc6 15. Qe1 d5 16. e5 Ne4
17. Ncxe4 dxe4 18. Nb3 Nh4 $11 {Smirin-Halifman Iskia 1996}) (10. g4 Bc6 11. f3
Ng6 12. Bg3 d5 13. exd5 Nxd5 14. Nxd5 Bxd5 15. Qd4 {Short} Qxd4 $2 (15... Bb4+
$1 16. c3 Qxd4 17. Nxd4 Bc5 18. Nb5 Ke7 19. Nc7 Rad8) 16. Bb5+ Bc6 $2 (16...
Kd8 17. Nxd4 a6 18. Be2 Bc5 19. O-O-O Ke7 20. c4 $14) 17. Nxd4 {Polgar-SHORT
Novgorod 1996}) 10... Qc7 11. f4 Nc4 12. Bxc4 Qxc4 13. Qd3 $5 $146 (13. Qf3 Bc6
14. Bd4 (14. Nd4 Be7 15. O-O-O d5 16. e5 Ne4 $17 {Saulin-Dragomarezki,Moskow
1995}) 14... Be7 15. O-O-O O-O 16. Rhe1 (16. g4 d5 17. e5 Ne4) 16... a5 $1 {
Mortensen-Hansen Cu Esbjerg1997}) 13... Qxd3 (13... Qc7 $6 14. O-O-O Rc8 15.
Bd4 $1 $16) 14. cxd3 Be7 (14... h5 $5 15. a4 $1 h4 16. h3 $1 $14 Rh5 17. O-O
Be7 18. Rfc1 Bd8 19. Nd2 $1 b6 20. Nf3 Rc8 21. Nd4 a6 22. b4 $1 $16 {
Istratesky-Atalik,Kastoria 1996}) 15. a4 $5 $146 (15. Rc1 O-O 16. h3 Rfc8 17.
g4 $1 Bc6 18. Rh2 e5 $1 19. Rhc2 exf4 20. Bxf4 Re8 21. Nd4 d5 22. Kf1 dxe4 23.
Nxc6 bxc6 24. Nxe4 Nxe4 25. dxe4 Bf6 $11 {Istratesky-Atalik,Aegina 1996}) 15...
O-O 16. h3 (16. Ke2) 16... e5 $5 (16... Rfc8 $5) 17. O-O (17. f5 $6 d5 $132)
17... Be6 18. Na5 $5 (18. Nd2 exf4 19. Bxf4 d5 $15) 18... exf4 19. Bxf4 d5 $5 {
Black try create active counterplay} (19... Rab8 20. Nb5 $14) 20. Nxb7 dxe4 21.
dxe4 (21. Nxe4 Nd5 22. Bd6 Bxd6 23. Nbxd6 Rad8 $11) 21... Bb4 22. Rac1 (22. Bd6
Bxc3 $1 (22... Bxd6 23. Nxd6 Rab8 24. Rf2 $14) 23. bxc3 (23. Bxf8 Bd4+ $17)
23... Rfc8 24. Nc5 Ne8 $1 25. Be7 (25. Nxe6 Nxd6 $11) 25... Rc7 26. Nxe6 Rxe7
$11) 22... Rfc8 (22... Bxc3 23. Rxc3 Nxe4 24. Rc7 $14) 23. Nb5 $6 (23. Nd6 $5
Rc6 $132) 23... Nxe4 $5 (23... Rxc1 $6 24. Rxc1 Nxe4 25. Nc7 Rc8 (25... Rf8 26.
Nxe6 fxe6 27. Rc4 $16) 26. Nxe6 Rxc1+ 27. Bxc1 $14 fxe6 28. Kh1) 24. Nc7 Nd2 $1
$11 25. Nxa8 (25. Rfd1 Nb3) 25... Nxf1 26. Rxc8+ 1/2-1/2

[Event "Olympiad-36"]
[Site "Mallorca"]
[Date "2004.10.18"]
[Round "4"]
[White "Macieja, Bartlomiej"]
[Black "Kotronias, Vasilios"]
[Result "1-0"]
[WhiteElo "2613"]
[BlackElo "2599"]
[Annotator "Gofshtein,L"]
[PlyCount "53"]
[EventDate "2004.10.15"]
[EventType "team-swiss"]
[EventRounds "14"]
[EventCountry "ESP"]
[SourceTitle "CBM 104"]
[Source "ChessBase"]
[SourceDate "2005.01.27"]
[SourceVersion "1"]
[SourceVersionDate "2005.01.27"]
[SourceQuality "1"]
[WhiteTeam "Poland"]
[BlackTeam "Greece"]
[WhiteTeamCountry "POL"]
[BlackTeamCountry "GRE"]

{[%mdl 4]} 1. e4 c5 2. Nc3 Nc6 3. Nf3 d6 4. d4 cxd4 5. Nxd4 Nf6 6. Bc4 Qb6 {
This way black avoids the Velimirovich attack.} 7. Ndb5 a6 8. Be3 Qa5 9. Nd4
Ne5 {Of course, taking the pawn with 9...Nxe4 is dangerous in view of 10.Qf3.}
(9... Nxe4 10. Qf3 f5 11. Nxc6 bxc6 12. O-O $44) (9... Qb4 10. Bb3 Ng4 11. Nxc6
bxc6 12. Bf4 $36) 10. Nb3 {Practically forced. White throws back the black
queen from an active position} (10. Bb3 $6 Nxe4) 10... Qc7 11. Bd3 e6 (11... g6
$5 12. Bg5 Ned7 13. Qd2 Bg7 $14 {1/2-1/2 Kondenko,A-Slavina,I/St Petersburg
2000/CBM 76 (90)}) (11... Nc4 $5) 12. Qe2 {White prepares 13.f4. In case of an
immideate 12.f4 black gets a fine counterplay as the tournament practice shows}
(12. a4 $5 Be7 (12... Bd7 13. Nd2 Bc6 14. f4 Nxd3+ 15. cxd3 d5 16. e5 d4 17.
Bxd4 Rd8 18. Be3 Nd5 19. Nxd5 Rxd5 $44 {1/2-1/2 Macieja,B-Damljanovic,B/
Belgrade 1999/CBM 69 (75)}) (12... b6 13. f4 Nxd3+ 14. cxd3 Be7 15. Rc1 Qb7 16.
O-O O-O 17. g4 Re8 18. g5 Nd7 19. Qf3 Bd8 20. Rc2 $132 {1/2-1/2 Hartman,
B-Spraggett,K/Canada 1986/CBM 04 (20)}) 13. a5 Bd7 14. Bb6 Qc8 15. Qe2 Ng6 16.
O-O Nf4 $14 {1/2-1/2 Bjarnason,S-Vidarsson,J/ISL 1994/EXT 97 (23)}) (12. f4 Nc4
13. Bxc4 Qxc4 14. Qf3 (14. Qd3 Qc7 15. a4 Be7 16. a5 O-O 17. O-O Bd7 $132 {
0-1 Hector,J-Zhang Zhong/Wijk aan Zee 2003/CBM 93/[Hecht] (61)}) 14... Bd7 (
14... Qc7 15. Qg3 b5 16. e5 dxe5 17. fxe5 b4 18. Na4 $14 {0-1 Koch,J-Hernandez,
G/Tunja 1989/TD (54)}) 15. O-O-O Rc8 16. Rd2 b5 17. Bb6 Qc6 18. Ba5 Qa8 $13 {
1/2-1/2 Sax,G-Tratar,M/Feldbach 1997/EXT 98 (30)}) 12... b5 {[%cal Re5c4,Rb5c4]
Black prepares Nc4. The simple 12...Be7 also deserves attention followed by
the exchange on d3, for example:} (12... Be7 $5 13. a4 b6 14. O-O O-O 15. h3
Re8 16. f4 Nxd3 17. cxd3 e5 $132 {0-1 Zamostni,J-Martic,Z/Pula 1994/EXT 97 (35)
}) 13. f4 Nc4 $6 {13...Nd3 deserves attention recieving counterplay.} (13...
Nxd3+ $5 14. cxd3 b4 15. Na4 Nd7 $132) 14. Bxc4 $5 {White exchanges the black
knight and trying to close the c-file, preventing from black any counterplay
over that file. Another possible line which was also played by Macieja is 14.
Bc1 and a2-a4 later on.} (14. Bc1 Bb7 15. a4 {[%cal Ra4b5] White tries to
destroy black's pawn chain on the queenside.} b4 16. Nd1 {[%csl Rc4][%cal
Yd1f2,Yd1e3,Yd3c4]} (16. Nb1 d5 17. e5 Ne4 18. O-O Be7 $132 {2.25-2.27. 1/2-1/
2 Mitkov,N-Hernandez,G/Matanzas 1995/CBM 47 ext (51) [#] (20)}) 16... Rc8 17.
Nf2 {Bringing the knight to an important defencive position.} Be7 18. Nd2 {
Trading the active black knight and aiming to weak point "a6".} (18. O-O e5 19.
Nd2 Nxd2 20. Bxd2 {1/2-1/2 Kristiansen,J-Arnason,J/Reykjavik 1986/EXT 2000 (20)
}) 18... Nxd2 19. Bxd2 {[%csl Ra6,Rb4][%cal Yd3a6,Yd2b4]} d5 $5 $132 {[%cal
Ye7b4] 1-0 Macieja,B-Vuckovic,B/Bermuda 2002/CBM 88/[Gofshtein,L] (57)}) 14...
bxc4 {14...Qc4 deserved attention - exchanging queens and limiting white's
attacking possibilities.} (14... Qxc4 $5 15. Qxc4 bxc4 16. Nd2 d5 17. Bd4 (17.
exd5 Nxd5 18. Nxd5 exd5 $132) 17... Nxe4 18. Ncxe4 dxe4 $14) 15. Nd2 Bb7 {
Black plays too slowly, 15...d5 is much more active with counterplay.} (15...
d5 $5 16. exd5 (16. O-O Be7) 16... Nxd5 17. Nxd5) 16. O-O-O Rc8 $6 {Black
plays slowly and gets under attack.} (16... d5 $5) 17. Rhf1 {[%cal Rf1f4]
White is preparing an advance on the kingside and removes the rook from the
h1-a8 diagonal in advance.} Be7 {Also after 17...d5 18.f5 white's initiative
looks threatening.} (17... d5 18. f5 $5) 18. g4 {Starting the offense on the
kingside.} d5 {Trying to find some counterplay. In case of a passive defence
white's attack can get very dangerous.} (18... O-O 19. g5 Nd7 20. f5 exf5 21.
exf5 Rfe8 22. f6 $40) 19. Bd4 $1 dxe4 {The lesser evil in this position was 19.
..0-0 although also in this case white has the initiative.} (19... O-O 20. e5
Nd7 21. f5 $40) 20. g5 Nd5 21. Ndxe4 $2 {21.Bxg7 led to an immideate win. Now
the position is getting less clear.} (21. Bxg7 $5 Nxc3 22. Bxc3 Rg8 23. Nxe4
$18) 21... Nxf4 (21... O-O $5 22. Nf6+ Bxf6 23. gxf6 g6) 22. Qd2 e5 23. Bxe5
Qxe5 $2 {After the correct 23...Nd3 black still had some hopes.} (23... Nd3+ $5
24. cxd3 Qxe5 25. d4 Qa5 26. d5 Bb4) 24. Qd7+ Kf8 25. Qxb7 $36 {White has a
firm control over the initiative, black's king is uncastled and the rook on h8
is not participating in the game.} Rb8 26. Qa7 g6 {Missing white's reply.
Anyway, black's position is hopeless.} (26... Ne2+ 27. Nxe2 Qxb2+ 28. Kd2 $18)
(26... h6 27. g6 f6 28. Rde1 $36) 27. Qf2 1-0

[Event "Olympiad-36"]
[Site "Mallorca"]
[Date "2004.10.17"]
[Round "3"]
[White "Lupulescu, Constantin"]
[Black "Pazos Gambarrotti, Plinio"]
[Result "1-0"]
[WhiteElo "2560"]
[BlackElo "2400"]
[Annotator "Gofshtein,L"]
[PlyCount "97"]
[EventDate "2004.10.15"]
[EventType "team-swiss"]
[EventRounds "14"]
[EventCountry "ESP"]
[SourceTitle "CBM 104"]
[Source "ChessBase"]
[SourceDate "2005.01.27"]
[SourceVersion "1"]
[SourceVersionDate "2005.01.27"]
[SourceQuality "1"]
[WhiteTeam "Romania"]
[BlackTeam "Ecuador"]
[WhiteTeamCountry "ROU"]
[BlackTeamCountry "ECU"]

1. e4 c5 2. Nf3 Nc6 3. d4 cxd4 4. Nxd4 Nf6 5. Nc3 d6 6. Bc4 Qb6 7. Nb3 e6 8.
Bf4 $5 (8. O-O Be7 9. Be3 Qc7 10. f4 a6 11. Be2 b5 12. a3 (12. Bf3 Bb7 13. a4
b4 14. Ne2 O-O 15. a5 Nd7 $132 {1/2-1/2 Krainov,A-Kotov,V/Vladimir RUS 2004/
The Week in Chess 515 (38)}) 12... O-O 13. Qe1 b4 14. axb4 Nxb4 $132 {1-0
Riquelme,D-Sepulveda,J/Santiago 2002/CBM 86 ext (30)}) 8... Ne5 9. Be2 Be7 10.
Be3 Qc7 11. f4 Nc6 $6 (11... Nc4 $5 12. Nb5 Qc6 13. Bxc4 Qxc4 14. Qd3 Qc6) 12.
O-O a6 13. a4 {Preventing b7-b5. In case of 13.Bf3, b7-b5 is dangerous as the
next given below shows but after 13...0-0 with a future b5 black has chances
to get a fine counterplay.} (13. Bf3 b5 (13... O-O $5) 14. e5 dxe5 15. fxe5 Nd7
16. Bxc6 Qxc6 17. Na5 Qc7 18. Qf3 $36 {1-0 Kountz,J-Schulte,T/Germany 1996/EXT
2002 (32)}) 13... b6 14. Bd3 {Transfering the bishop to a better position. In
case of 14.Bf3 or 14.Kh1 black breaks with d6-d5 after preparing it and gets a
good position.} (14. Bf3 Bb7 15. Nd4 O-O 16. Kh1 Nb4 17. Qd2 d5 18. e5 Ne4 19.
Nxe4 dxe4 20. Be2 $132 {1/2-1/2 Licina,A-Batceceg,T/Yerevan 1996/EXT 97 (32)})
(14. Kh1 Bb7 15. Qe1 O-O 16. Qg3 Nb4 17. Bd3 d5 18. e5 Ne4 $132 {0-1 Romanelli,
G-Fiorito,F/Villa Ballester 1996/CBM 51 ext (38)}) 14... Rb8 (14... O-O $5) 15.
Qe2 Nb4 16. g4 {White starts an offense on the kingside.} Nd7 17. g5 Nc5 18.
Nd4 e5 $6 {Black is looking for a crisis. 18...0-0 or 18...d5 deserved
attention.} (18... O-O 19. f5 e5 20. Nf3 Bb7 $132) (18... d5 19. exd5 Ncxd3 20.
cxd3 exd5 21. f5 Qe5 22. Rae1 O-O) 19. Nf5 Ne6 $2 {19...Bxf5 was necessary
exchanging white's dangerous knight.} (19... Bxf5 $5 20. exf5 Ncxd3 21. cxd3
Qd7 22. d4 Qxf5 23. fxe5 Qe6 24. exd6 Bxd6 $132) 20. fxe5 dxe5 21. Nd5 $1 {
White puts more pressure and gets a winning position.} Nxd5 22. exd5 Nxg5 23.
Qg2 {23.Ng7 was stronger not fearing ghosts.} (23. Nxg7+ $5 Kf8 24. Nf5 $36 Rg8
25. Kh1 $18) 23... h6 (23... Bxf5 24. Rxf5 h6 25. Bxa6 Bc5 26. Bb5+ Kf8 27. Re1
$16) 24. h4 $5 {By attacking black's main defender white seizes the intiative.}
Bxf5 25. Rxf5 g6 (25... e4 26. Bxa6 Bc5 27. Re1 $36) 26. Rf2 e4 $8 (26... Nh7
27. Rxf7 $18) 27. hxg5 exd3 28. gxh6 dxc2 29. Rxc2 Qe5 30. Qf3 $6 {An
inaccuracy after a serie of forced moves. 30.Re2 gave white a very strong
initiative.} (30. Re2 $5 Kf8 31. a5 $1 $18) 30... Rd8 {30...g5 was much more
sttuborn with the idea to bring the rook into the game with Rh6.} (30... g5 $5
31. Re2 Rxh6 32. Rae1 Kf8 33. Bxb6 Qf6 34. Qxf6 Bxf6 35. Bc5+ Kg7 $132) 31. Rd1
$5 {[%cal Ge3d4,Rd5d6] A strong move, keeping the initiative in white's hands.}
O-O (31... b5 32. d6 Rxd6 33. Rc8+ Bd8 34. Rxd6 Qxd6 35. axb5 axb5 36. Qe4+ $18
) (31... Qh5 32. Qxh5 gxh5 33. Rc6 $18) 32. h7+ Kxh7 33. Bd4 Bc5 34. Rxc5 $1
Qg5+ 35. Kf2 Qh4+ 36. Qg3 $18 {Black doesn't have time to take the rook
because of mate.} g5 37. Rcc1 {[%cal Gd1h1]} Qxg3+ 38. Kxg3 Rxd5 39. Bxb6 {
After the exchange of queens an extra piece and passed pawns on the queenside
give white an easy win.} Re5 40. Re1 Rfe8 41. Rxe5 Rxe5 42. b4 Rd5 (42... Re4
43. Bc5 f5 44. b5 Rxa4 45. b6 $18) 43. Kg4 Kg6 44. Rc6+ f6 45. Bc5 {White
prepares a decisive break of his passed pawn.} a5 46. bxa5 Rf5 47. a6 Rf4+ 48.
Kg3 Rxa4 49. a7 1-0